<?xml version="1.0" encoding="UTF-8"?>
<record
    xmlns:xsi="http://www.w3.org/2001/XMLSchema-instance"
    xsi:schemaLocation="http://www.loc.gov/MARC21/slim http://www.loc.gov/standards/marcxml/schema/MARC21slim.xsd"
    xmlns="http://www.loc.gov/MARC21/slim">

  <leader>00831cam a2200253u  4500</leader>
  <controlfield tag="001">17926</controlfield>
  <controlfield tag="003">BD-RjUL</controlfield>
  <controlfield tag="005">20211209000219.0</controlfield>
  <controlfield tag="008">140219r19601938stk           001 0 eng d</controlfield>
  <datafield tag="035" ind1=" " ind2=" ">
    <subfield code="a">(BD-RjUL)17984</subfield>
  </datafield>
  <datafield tag="040" ind1=" " ind2=" ">
    <subfield code="a">DLC</subfield>
    <subfield code="c">CarP</subfield>
    <subfield code="d">DLC</subfield>
    <subfield code="d">BD-RjUL</subfield>
    <subfield code="b">eng</subfield>
  </datafield>
  <datafield tag="041" ind1=" " ind2=" ">
    <subfield code="a">eng</subfield>
  </datafield>
  <datafield tag="082" ind1="0" ind2="0">
    <subfield code="a">821.09</subfield>
    <subfield code="b">REA 1960</subfield>
  </datafield>
  <datafield tag="100" ind1="1" ind2=" ">
    <subfield code="a">Reid, Margaret Jane Cornfute,</subfield>
    <subfield code="d">1886- [from old catalog]</subfield>
    <subfield code="9">55301</subfield>
  </datafield>
  <datafield tag="245" ind1="1" ind2="4">
    <subfield code="a">The Arthurian legend :</subfield>
    <subfield code="b">Comparison of Treatment in Modern and Medieval Literature /</subfield>
  </datafield>
  <datafield tag="260" ind1=" " ind2=" ">
    <subfield code="a">Edinburgh  :</subfield>
    <subfield code="b">Oliver and Boyd,</subfield>
    <subfield code="c">c1938 [Reprinted 1960]</subfield>
  </datafield>
  <datafield tag="300" ind1=" " ind2=" ">
    <subfield code="a">viii,277p. ;</subfield>
    <subfield code="c">24cm.</subfield>
  </datafield>
  <datafield tag="504" ind1=" " ind2=" ">
    <subfield code="a">Includes Index</subfield>
  </datafield>
  <datafield tag="650" ind1=" " ind2="0">
    <subfield code="a">Arthurian romances</subfield>
    <subfield code="x">History and criticism.</subfield>
    <subfield code="9">20422</subfield>
  </datafield>
  <datafield tag="650" ind1=" " ind2="0">
    <subfield code="a">Comparative literature</subfield>
    <subfield code="x">Themes, motives.</subfield>
    <subfield code="9">54239</subfield>
  </datafield>
  <datafield tag="942" ind1=" " ind2=" ">
    <subfield code="2">ddc</subfield>
    <subfield code="c">BK</subfield>
  </datafield>
  <datafield tag="999" ind1=" " ind2=" ">
    <subfield code="c">17926</subfield>
    <subfield code="d">17926</subfield>
  </datafield>
  <datafield tag="952" ind1=" " ind2=" ">
    <subfield code="0">0</subfield>
    <subfield code="1">0</subfield>
    <subfield code="2">ddc</subfield>
    <subfield code="4">0</subfield>
    <subfield code="7">1</subfield>
    <subfield code="8">NFIC</subfield>
    <subfield code="a">RUCL</subfield>
    <subfield code="b">RUCL</subfield>
    <subfield code="c">Reading</subfield>
    <subfield code="d">1965-10-14</subfield>
    <subfield code="e">Blackwell</subfield>
    <subfield code="g">21.00</subfield>
    <subfield code="l">0</subfield>
    <subfield code="o">821.09 REA 1960</subfield>
    <subfield code="r">2014-02-19 00:00:00</subfield>
    <subfield code="t">C-1</subfield>
    <subfield code="w">2014-02-19</subfield>
    <subfield code="y">BK</subfield>
  </datafield>
</record>
